Fundamentals of Czech civil law
| Titel: | Fundamentals of Czech civil law / Jana Hrstková |
|---|---|
| Verfasser: | |
| Veröffentlicht: | Praha : Univerzita Karlova v Praze, Právnicka fakulta, 2005 |
| Umfang: | 96 Seiten |
| Format: | Buch |
| Sprache: | Englisch |
| Schriftenreihe/ mehrbändiges Werk: |
Czech law and European Union textbooks ; Vol 5 |
| ISBN: | 8085889641 |
alg: 43859413 001A $03004:08-11-18 001B $01999:08-11-18 $t22:47:20.000 001D $03004:08-11-18 001U $0utf8 001X $00 002@ $0Aay 002C $aText $btxt $2rdacontent 002D $aohne Hilfsmittel zu benutzen $bn $2rdamedia 002E $aBand $bnc $2rdacarrier 003@ $0438594134 003O $085154449 $aOCoLC 004A $080-85889-64-1 007A $0438594134 $aHEB 010@ $aeng 010E $erda 011@ $a2005 021A $aFundamentals of Czech civil law $hJana Hrstková 028A $BVerfasser $4aut $7 $8Hrstková, Jana [Tn3] $9438594045 033A $pPraha $nUniverzita Karlova v Praze, Právnicka fakulta 034D $a96 Seiten 036E $aCzech law and European Union textbooks $lVol 5 044K $RBöhmische Länder $RČeská SR $RTschechoslowakei $#Tschechien $#Tschechische Republik $#Tschechische Republik $#Tschechenland $#Tschechei Tschechien $#Česká Republika $#Czech Republic $#ČR $74303381-7 $8Tschechien [Tg1] $9086659812 044K $RRecht $RPrivatrechtswissenschaft $#Zivilrecht $#Privatrecht $#Zivilrecht $74047304-1 $8Privatrecht [Ts1] $9085131938 045F $a340.094371 $eDDC23BSB 045F/01 $a340 045F/03 $g4371 046C $aČeské pravo a Evropeska Unie. Učebni pomucka pro programm = Textbook for the programme Czech legal system in European context $bAuf der Umschlagsseite lok: 43859413 24 exp: 43859413 24 1 #EPN 201B/01 $008-11-18 $t14:58:23.000 201C/01 $008-11-18 201U/01 $0utf8 203@/01 $01034137190 208@/01 $a08-11-18 $bz 209A/01 $a18.07958 $du $f050 $h18 07958 $x00 209C/01 $a18.07958 G $h18 07958 G 209G/01 $a74075797 $x00 220C/01 $ahae 247C/01 $8358050-7Marburg, Bibliothek des Herder-Instituts Marburg $9102600961
| LEADER | 00000cam a22000002c 4500 | ||
|---|---|---|---|
| 001 | 438594134 | ||
| 003 | DE-603 | ||
| 005 | 20181108224720.0 | ||
| 007 | tu | ||
| 008 | 181108s2005 xx |||| | u00||u|eng c | ||
| 020 | |a 8085889641 | ||
| 035 | |a (DE-599)HEB438594134 | ||
| 035 | |a (OCoLC)85154449 | ||
| 040 | |a DE-603 |b ger |c DE-603 |d DE-603 |e rda | ||
| 041 | |a eng | ||
| 082 | 0 | 4 | |8 1\u |a 340.094371 |q DE-101 |2 23/BSB |
| 085 | |8 1\u |b 340 | ||
| 085 | |8 1\u |z 2 |s 4371 | ||
| 100 | 1 | |a Hrstková, Jana |e Verfasser |4 aut |0 (DE-603)438594045 | |
| 245 | 0 | 0 | |a Fundamentals of Czech civil law |c Jana Hrstková |
| 246 | 1 | |i Auf der Umschlagsseite |a České pravo a Evropeska Unie. Učebni pomucka pro programm = Textbook for the programme Czech legal system in European context | |
| 264 | 1 | |a Praha |b Univerzita Karlova v Praze, Právnicka fakulta |c 2005 | |
| 300 | |a 96 Seiten | ||
| 336 | |a Text |b txt |2 rdacontent | ||
| 337 | |a ohne Hilfsmittel zu benutzen |b n |2 rdamedia | ||
| 338 | |a Band |b nc |2 rdacarrier | ||
| 490 | 0 | |a Czech law and European Union textbooks |v Vol 5 | |
| 650 | 7 | |a Privatrecht |0 (DE-588)4047304-1 |0 (DE-603)085131938 |2 gnd | |
| 651 | 7 | |a Tschechien |0 (DE-588)4303381-7 |0 (DE-603)086659812 |2 gnd | |
| 924 | 0 | |9 Mb 50 |a (DE-603)1034137190 |b DE-Mb50 |c HES |d c |g 18.07958 | |


